000 03107nam0a2200409 i 4500
001 RU\NLR\BIBL_A\012681985
005 20241105222636.0
035 _a(NLR Aleph) 012681985
090 _a12818306
_c12818306
100 _a20220112d2016 k y0rusy50 ca
101 0 _arus
102 _aRU
105 _aach z 100zy
181 0 _ai
_baxxe
182 0 _an
200 1 _aДиалог времен. А мы все дальше ... Между нами эпохи, годы, судьбы ...
_eматериалы Зимней коллегии главного архивного управления Рязанской области совместно с Общественным советом при главном архивном управлении и Рязанским областным отделением Российского общества историков-архивистов, 27 января 2016 года
_fГлавное архивное управление Рязанской области, Рязанское областное отделение Российского общества историков-архивистов
203 _aТекст
_bвизуальный
_cнепосредственный
210 _aРязань
_c[б. и.]
_d2016
215 _a67, [1] с.
_cил., цв. ил., портр., факс.
_d29
517 1 _aМежду нами эпохи, годы, судьбы ...
601 0 1 _aРязанская область
_bГлавное архивное управление
_jСъезды, совещания и т.п
_92501345
_3RU\NLR\AUTH\6601698993
606 1 _aАрхивные документы
_jСъезды, совещания и т.п
_yРязанская область
_92501340
_3RU\NLR\AUTH\6601698991
606 1 _aБиблиотечное краеведение
_jСъезды, совещания и т.п
_yРязанская область
_92501343
_3RU\NLR\AUTH\6601698992
607 _aРязанская область
_jСъезды, совещания и т.п
_xИстория
_9908609
_3RU\NLR\AUTH\6611736
686 1 _aЧ735.113.478.9я431
686 1 _aТ3(2Р-4Ря)я431
686 1 _aЧ811.4я431
686 1 _aЧ814(2Р-4Ря)к я431
711 0 2 _aРязанская область
_bГлавное архивное управление
_bЗимняя коллегия
_eРязань
_f2016
_9784280
_3RU\NLR\AUTH\880558488
711 0 1 _aРязанская область
_bГлавное архивное управление
_bОбщественный совет
_9741633
_3RU\NLR\AUTH\880538998
711 0 2 _aРоссийское общество историков-архивистов
_bРязанское областное отделение
_9741635
_3RU\NLR\AUTH\880539000
712 0 1 _4557
_aРязанская область
_bГлавное архивное управление
_9741626
_3RU\NLR\AUTH\880538994
942 _cBOOK
980 _aNBR